000 00554nam a2200241 a 4500
001 nice12345678
003 IN_TiNIC
005 20260116011257.0
008 050524s1961 bosa grp 000 0 eng
020 _a
_c89.7
082 0 0 _a292
_bGUT
100 _aGuthrie, W K C
245 _aGreeks and Their Gods
260 _aBoston
_bBeacon Press
_c1961
300 _a387p
500 _aincludes index and biblioraphy
505 2 _aindex
650 _aGreek Religion
700 1 _aGuthrie, W K C
902 _bSRS
942 _cBK
999 _c98
_d98